El pasado en el presente: estudio temático de la novelística moderna del sur de los Estados Unidos

Salvato in:
Dettagli Bibliografici
Autore principale: Young, Thomas Daniel (Autore)
Natura: Libro
Lingua:spagnolo
Pubblicazione: Ciudad de México Noema 1983
Soggetti:
Tags: Aggiungi Tag
Nessun Tag, puoi essere il primo ad aggiungerne!!

MARC

LEADER 00000nam a2200000 a 4500
001 UCQ4279
003 CL-VaPUC
008 980904e19830000MX |||||||||||||||||spa|d
082 0 4 |a 813.09  |b YOU  |2 21 
100 0 |a Young, Thomas Daniel  |e author  |9 418524 
245 1 3 |a El pasado en el presente: estudio temático de la novelística moderna del sur de los Estados Unidos 
300 |a 208 p 
942 |c BK 
945 |d 19980904 00:00:00  |a crobeson 
260 |a Ciudad de México  |b Noema  |c 1983 
650 7 |a NOVELA ESTADOUNIDENSE  |2 CL-VaPUC  |9 266286 
650 0 |a Literatura estadounidense  |9 317168 
650 0 |a Historia y crítica   |9 257407 
583 |a last modification  |c 19980904 00:00:00  |k Rodrigo Vera 
999 |c 274666  |d 274664 
952 |0 0  |1 0  |4 0  |6 813_090000000000000_YOU_1983  |7 0  |8 A  |9 310952  |a BIBEDU  |b BIBEDU  |d 2019-11-20  |i 1460420  |o 813.09 YOU 1983  |p 1460420  |r 2019-11-20  |w 2019-11-20  |y BK  |k LIT